Strafgesetzbuch : Kommentar /
Saved in:
| Main Author: | |
|---|---|
| Corporate Author: | |
| Other Authors: | , , |
| Format: | Book |
| Language: | German |
| Published: |
München :
Beck,
1970.
|
| Edition: | 15., neubearbeitete Aufl. |
| Subjects: | |
| Tags: |
Add Tag
No Tags, Be the first to tag this record!
|
| LEADER | 00917cam a2200277Ia 4500 | ||
|---|---|---|---|
| 001 | 005100910-2 | ||
| 005 | 20020606095253.2 | ||
| 008 | 850903s1970 gw b 001 0 ger d | ||
| 035 | 0 | |a ocm38029930 | |
| 035 | 0 | |a ocm12485154 | |
| 040 | |a LUL |c LUL |d CLU |d HVL | ||
| 043 | |a e-gw--- | ||
| 090 | |a KK7975.51871.A6 |b S37 1970 | ||
| 100 | 1 | |a Schröder, Horst, |d 1913-1973. | |
| 245 | 1 | 0 | |a Strafgesetzbuch : |b Kommentar / |c begründet von Adolf Schönke ; fortgeführt von Horst Schröder. |
| 250 | |a 15., neubearbeitete Aufl. | ||
| 260 | |a München : |b Beck, |c 1970. | ||
| 300 | |a xvii, 1776 p. ; |c 25 cm. | ||
| 504 | |a Includes bibliographies and index. | ||
| 650 | 0 | |a Criminal law |z Germany (West) | |
| 700 | 1 | |a Schönke, Adolf, |d 1908-1953. |t Strafgesetzbuch. | |
| 710 | 1 | 2 | |a Germany. |t Strafgesetzbuch. |
| 700 | 1 | |a Schönke, Adolf, |d 1908-1953, |e editor. | |
| 700 | 1 | |a Schröder, Horst, |e editor. | |
| 988 | |a 20020608 | ||
| 906 | |0 OCLC | ||


